Statistieken voor Formule 1 Wereldkampioenen

Klik hier om de quiz te nemen!

Algemene statistieken

  • Deze quiz is 2.405 keer genomen
  • De gemiddelde score is 16 van 34

Antwoordstatistieken

JarenNationaliteitKampioen% Correct
2021NederlandMax Verstappen
99%
2008, 2014, 2015, 2017, 2018, 2019, 2020Verenigd KoninkrijkLewis Hamilton
97%
1994, 1995, 2000, 2001, 2002, 2003, 2004DuitslandMichael Schumacher
88%
2010, 2011, 2012, 2013DuitslandSebastian Vettel
85%
1988, 1990, 1991BraziliëAyrton Senna
78%
2005, 2006SpanjeFernando Alonso
76%
2007FinlandKimi Räikkönen
71%
2016DuitslandNico Rosberg
68%
1982FinlandKeke Rosberg
66%
1975, 1977, 1984OostenrijkNiki Lauda
61%
1985, 1986, 1989, 1993FrankrijkAlain Prost
58%
2009Verenigd KoninkrijkJenson Button
54%
1998, 1999FinlandMika Häkkinen
52%
1997CanadaJacques Villeneuve
45%
1981, 1983, 1987BraziliëNelson Piquet
45%
1996Verenigd KoninkrijkDamon Hill
42%
1962, 1968Verenigd KoninkrijkGraham Hill
41%
1951, 1954, 1955, 1956, 1957ArgentiniëJuan Manuel Fangio
41%
1961Verenigde StatenPhil Hill
41%
1992Verenigd KoninkrijkNigel Mansell
34%
1976Verenigd KoninkrijkJames Hunt
32%
1952, 1953ItaliëAlberto Ascari
31%
1969, 1971, 1973Verenigd KoninkrijkJackie Stewart
30%
1972, 1974BraziliëEmerson Fittipaldi
29%
1959, 1960, 1966AustraliëJack Brabham
27%
1950ItaliëGiuseppe Farina
25%
1979Zuid-AfrikaJody Scheckter
24%
1978Verenigde StatenMario Andretti
24%
1963, 1965Verenigd KoninkrijkJim Clark
23%
1970OostenrijkJochen Rindt
22%
1980AustraliëAlan Jones
19%
1964Verenigd KoninkrijkJohn Surtees
18%
1958Verenigd KoninkrijkMike Hawthorn
17%
1967Nieuw-ZeelandDenny Hulme
16%

Scoreverdeling

Percentiel versus Aantal Correcte Antwoorden

Procent van Mensen met Elke Score

Uw Scoregeschiedenis

U heeft deze quiz nog niet genomen